|
|
|
|
| LEADER |
00000nam0a2200000 4500 |
| 001 |
162499 |
| 005 |
20231031160410.0 |
| 010 |
|
|
|a 5785500478
|
| 020 |
|
|
|a RU
|b 93-22343ж
|
| 035 |
|
|
|a (RuTPU)RU\TPU\book\176241
|
| 035 |
|
|
|a RU\TPU\book\150533
|
| 090 |
|
|
|a 162499
|
| 100 |
|
|
|a 20090623a1992 m y0rusy5003 ca
|
| 101 |
1 |
|
|a rus
|c eng
|
| 102 |
|
|
|a RU
|
| 105 |
|
|
|a y z 000ay
|
| 200 |
1 |
|
|a День пистолетов. Змея. Короткое замыкание
|e романы
|e пер. с англ.
|f М. Спиллейн
|
| 210 |
|
|
|a Б.Москва
|c Б. И.
|d 1992
|
| 215 |
|
|
|a 352 с.
|d 21 см
|
| 225 |
1 |
|
|a Фемида
|
| 610 |
1 |
|
|a Детективные романы и рассказы
|
| 610 |
1 |
|
|a американская литература
|
| 675 |
|
|
|a 82
|z rus
|
| 700 |
|
1 |
|a Спиллейн
|b М.
|g Микки
|4 070
|
| 801 |
|
0 |
|a RU
|b RuMRKP
|c 19950413
|g psbo
|
| 801 |
|
2 |
|a RU
|b 63413507
|c 20090623
|g PSBO
|
| 942 |
|
|
|c BK
|